[Event "Pernik Benderev Memorial-07"]
[Site "Pernik"]
[Date "1981.06.??"]
[Round "12"]
[White "Inkiov, Ventzislav"]
[Black "Chevaldonnet, Francois"]
[Result "1-0"]
[WhiteElo "2445"]
[BlackElo "2305"]
[PlyCount "45"]
[EventDate "1981.06.??"]
[EventType "tourn"]
[EventRounds "13"]
[EventCountry "BUL"]
[EventCategory "8"]
[SourceTitle "MCD"]
[Source "ChessBase"]
[SourceDate "1999.07.01"]
[SourceVersion "1"]
[SourceVersionDate "1999.07.01"]
[SourceQuality "1"]

1. d4 Nf6 2. c4 g6 3. Nc3 Bg7 4. e4 d6 5. Nf3 0-0 6. Be2 e5 7. 0-0 Nc6 8. d5 Ne7 9. Ne1 Nd7 10. Nd3 f5 11. Bd2 Nf6 12. f3 f4 13. c5 g5 14. cxd6 cxd6 15. Nf2 h5 16. h3 Rf7 17. a4 Bf8 18. Qc2 Rg7 19. Nb5 Ng6 20. Rfc1 Ne8 21. Ra3 Bd7 22. Rc3 a6 23. Na3 1-0